[Event "ISR-chT"]
[Site "Israel"]
[Date "2023.02.04"]
[Round "6.5"]
[White "Iliaguev, Nisim"]
[Black "Pasman, Michael"]
[Result "1/2-1/2"]
[WhiteElo "2390"]
[BlackElo "2346"]
[PlyCount "208"]
[EventDate "2023.01.11"]
[EventType "team-tourn"]
[EventRounds "11"]
[EventCountry "ISR"]
[SourceTitle "EXT 2024"]
[Source "ChessBase"]
[SourceDate "2023.10.10"]
[SourceVersion "1"]
[SourceVersionDate "2023.10.10"]
[SourceQuality "1"]
[WhiteTeam "Ramat Gan Etude"]
[BlackTeam "Beer Sheva II"]
[WhiteTeamCountry "ISR"]
[BlackTeamCountry "ISR"]

1. d4 d5 2. Nf3 Nf6 3. c4 c6 4. e3 Bf5 5. Qb3 Qb6 6. Nc3 e6 7. c5 Qc7 8. Be2 Nbd7 9. h3 h6 10. 0-0 Be7 11. Qd1 e5 12. dxe5 Nxe5 13. Nd4 Bh7 14. b4 a5 15. bxa5 Qxa5 16. Qb3 Nfd7 17. Bd2 Nxc5 18. Qd1 Qd8 19. f4 Ned7 20. Bg4 0-0 21. Nce2 Ne4 22. a4 Nb6 23. Bc1 Nc4 24. Qb3 Nc5 25. Qd1 Re8 26. Bf5 Bf8 27. Bxh7+ Kxh7 28. Rf3 Qf6 29. Kh2 b5 30. a5 Rxa5 31. Bb2 Rxa1 32. Bxa1 Ra8 33. Bc3 Ne4 34. Nxb5 Nxc3 35. Nbxc3 Kg8 36. e4 dxe4 37. Nxe4 Qe6 38. Qc2 Re8 39. N4g3 Ne3 40. Qc1 c5 41. Nc3 Nf5 42. Nxf5 Qxf5 43. Qd2 Qe6 44. Nd5 Rc8 45. Rd3 Rc6 46. Ne3 Qe4 47. Nd5 h5 48. h4 Kh8 49. Qd1 Qf5 50. Qf3 c4 51. Rd1 Kg8 52. g3 Ra6 53. Rd2 Ra1 54. Ne3 Qc5 55. Re2 c3 56. f5 Rc1 57. Qe4 Qb6 58. Kh3 Rg1 59. Nd5 Qd6 60. Qf3 Qb8 61. Nxc3 Qd8 62. Ne4 Qd1 63. Ng5 Rf1 64. Rf2 Rh1+ 65. Rh2 Qf1+ 66. Qxf1 Rxf1 67. Ra2 Rxf5 68. Ra8 g6 69. Nh7 Kxh7 70. Rxf8 Rf2 71. Ra8 f6 72. Ra7+ Kh6 73. Ra6 Kg7 74. Ra7+ Kf8 75. Rb7 Re2 76. Ra7 Re7 77. Ra6 Kf7 78. Kg2 Re3 79. Rb6 Re6 80. Rb7+ Re7 81. Rb6 Re4 82. Kf3 Rg4 83. Rb7+ Kf8 84. Ra7 f5 85. Rb7 f4 86. gxf4 Rxh4 87. Ra7 Rg4 88. Rb7 Rg1 89. Ra7 Kg8 90. Kf2 Rb1 91. Kg3 Rb3+ 92. Kg2 h4 93. Rc7 Rg3+ 94. Kf2 Rg4 95. Kf3 Rg1 96. Kf2 Rg3 97. Ra7 Rb3 98. Kg2 Rb4 99. Kf3 h3 100. Kg3 Rb3+ 101. Kg4 h2 102. Ra1 Kg7 103. Rh1 Rb2 104. Kg3 Kf6 1/2-1/2

[Event "ISR-chT"]
[Site "Israel"]
[Date "2022.03.05"]
[Round "10.2"]
[White "Pasman, Michael"]
[Black "Kochavi, Ori"]
[Result "0-1"]
[WhiteElo "2360"]
[BlackElo "2271"]
[PlyCount "62"]
[EventDate "2022.01.14"]
[EventType "team-tourn"]
[EventRounds "11"]
[EventCountry "ISR"]
[SourceTitle "EXT 2023"]
[Source "ChessBase"]
[SourceDate "2022.10.05"]
[SourceVersion "1"]
[SourceVersionDate "2022.10.05"]
[SourceQuality "1"]
[WhiteTeam "Beer Sheva II"]
[BlackTeam "Ramat Gan Etude"]
[WhiteTeamCountry "ISR"]
[BlackTeamCountry "ISR"]

1. d4 d5 2. Bg5 Nf6 3. e3 c5 4. Nd2 Nc6 5. Ngf3 cxd4 6. exd4 Qb6 7. Nb3 Ne4 8. Be3 Bg4 9. h3 Bh5 10. g4 Bg6 11. Ne5 f6 12. Nxg6 hxg6 13. c3 e6 14. Bd3 f5 15. f3 Ng3 16. Rg1 Bd6 17. Qd2 Qc7 18. Qg2 0-0-0 19. Bf2 f4 20. Bxg3 fxg3 21. 0-0-0 g5 22. Rge1 Rh6 23. Kb1 Kb8 24. Nc1 Rf8 25. Bb5 Ne7 26. Nd3 Ng6 27. Rxe6 Nh4 28. Qe2 Rxe6 29. Qxe6 g2 30. Ne5 Bxe5 31. dxe5 Nxf3 0-1

[Event "ISR-chT"]
[Site "Israel"]
[Date "2021.06.25"]
[Round "11.1"]
[White "Pasman, Michael"]
[Black "Guz, Ari"]
[Result "1/2-1/2"]
[WhiteElo "2370"]
[BlackElo "2295"]
[PlyCount "89"]
[EventDate "2021.04.22"]
[EventType "team-tourn"]
[EventRounds "11"]
[EventCountry "ISR"]
[SourceTitle "EXT 2022"]
[Source "ChessBase"]
[SourceDate "2021.10.06"]
[SourceVersion "1"]
[SourceVersionDate "2021.10.06"]
[SourceQuality "1"]
[WhiteTeam "Petah Tikva Elitzur Dov"]
[BlackTeam "Rishon Le Zion Fridman"]
[WhiteTeamCountry "ISR"]
[BlackTeamCountry "ISR"]

1. d4 Nf6 2. Nf3 e6 3. g3 d5 4. Bg2 c5 5. 0-0 Nc6 6. c4 cxd4 7. Nxd4 Be7 8. Nxc6 bxc6 9. Qc2 0-0 10. b3 e5 11. Bb2 e4 12. Rd1 Be6 13. cxd5 cxd5 14. Bd4 Qa5 15. Qb2 Rfc8 16. a3 Qc7 17. Nc3 Qb7 18. e3 Nd7 19. Ne2 Bf6 20. Nf4 Bxd4 21. Rxd4 Rab8 22. b4 Rc7 23. Rad1 Nf6 24. h3 h6 25. Bf1 Rbc8 26. R4d2 Qb6 27. a4 Qd6 28. Qd4 Rc1 29. b5 Rxd1 30. Rxd1 Qb6 31. Qb4 g5 32. Ne2 Rc4 33. Qe7 Kg7 34. a5 Qxa5 35. Nd4 Rxd4 36. Rxd4 Bxh3 37. Bxh3 Qe1+ 38. Kh2 Qxf2+ 39. Bg2 Qxe3 40. Qe5 Kg6 41. Bh3 Qf2+ 42. Kh1 Qe1+ 43. Kh2 Qf2+ 44. Kh1 e3 45. Qf5+ 1/2-1/2

[Event "ISR-chT"]
[Site "Israel"]
[Date "2021.04.22"]
[Round "1.1"]
[White "Solomon, Asif"]
[Black "Pasman, Michael"]
[Result "1-0"]
[WhiteElo "2384"]
[BlackElo "2370"]
[PlyCount "56"]
[EventDate "2021.04.22"]
[EventType "team-tourn"]
[EventRounds "11"]
[EventCountry "ISR"]
[SourceTitle "EXT 2022"]
[Source "ChessBase"]
[SourceDate "2021.10.06"]
[SourceVersion "1"]
[SourceVersionDate "2021.10.06"]
[SourceQuality "1"]
[WhiteTeam "Petah Tikva Nearim"]
[BlackTeam "Petah Tikva Elitzur Dov"]
[WhiteTeamCountry "ISR"]
[BlackTeamCountry "ISR"]

1. d4 d5 2. c4 c6 3. cxd5 cxd5 4. Nc3 Nc6 5. e4 e6 6. e5 f6 7. Bd3 Nxd4 8. Qh5+ Kd7 9. Be3 Nc6 10. Nf3 Qe8 11. Qg4 f5 12. Qa4 Bb4 13. 0-0 Qd8 14. Rfd1 Ke8 15. Bb5 Bxc3 16. Bxc6+ bxc6 17. Qxc6+ Bd7 18. Qxc3 Ne7 19. Rac1 h6 20. Qa3 a5 21. Rc3 Rc8 22. Rdc1 a4 23. Qd6 Rxc3 24. Rxc3 Nc8 25. Qb8 Kf7 26. Rc7 Ne7 27. Qb7 Bc8 28. Qa7 Re8 1-0

[Event "ISR-chT"]
[Site "Israel"]
[Date "2020.09.02"]
[Round "10.2"]
[White "Bronstein, Or"]
[Black "Pasman, Michael"]
[Result "1-0"]
[WhiteElo "2428"]
[BlackElo "2368"]
[PlyCount "86"]
[EventDate "2020.01.10"]
[EventType "team-tourn"]
[EventRounds "11"]
[EventCountry "ISR"]
[SourceTitle "EXT 2021"]
[Source "ChessBase"]
[SourceDate "2020.10.23"]
[SourceVersion "1"]
[SourceVersionDate "2020.10.23"]
[SourceQuality "1"]
[WhiteTeam "Rishon Le Zion Feldklein"]
[BlackTeam "Petah Tikva Elitzur Maarav"]
[WhiteTeamCountry "ISR"]
[BlackTeamCountry "ISR"]

1. d4 d5 2. Bf4 Nf6 3. e3 c5 4. Nf3 Nc6 5. Nbd2 Nh5 6. Be5 f6 7. Bg3 cxd4 8. exd4 g6 9. c3 Bh6 10. Qb3 0-0 11. 0-0-0 Bf5 12. Nh4 Bg4 13. f3 Be6 14. Qxb7 Rc8 15. Bd3 Bf7 16. Kb1 e5 17. Nb3 Bg5 18. f4 Nxf4 19. Bxf4 Bxf4 20. g3 Bg5 21. Bc2 Na5 22. Qa6 Nc4 23. Nf3 Be3 24. dxe5 fxe5 25. Rhe1 Re8 26. h4 Re6 27. Qa4 Qc7 28. Ng5 Bxg5 29. hxg5 Be8 30. Qb4 Rb6 31. Qc5 Qxc5 32. Nxc5 Rxb2+ 33. Kc1 Rxc5 34. Bb3 Rg2 35. Rxd5 Rxd5 36. Bxc4 Bf7 37. Bxd5 Bxd5 38. Rxe5 Bxa2 39. Ra5 Be6 40. Rxa7 Rxg3 41. Ra6 Bf7 42. Ra5 Rxc3+ 43. Kd2 Rf3 1-0

[Event "ISR-chT"]
[Site "Israel"]
[Date "2020.01.18"]
[Round "4.4"]
[White "Pasman, Michael"]
[Black "Friedland, Moshe"]
[Result "1/2-1/2"]
[WhiteElo "2368"]
[BlackElo "2257"]
[PlyCount "79"]
[EventDate "2020.01.10"]
[EventType "team-tourn"]
[EventRounds "11"]
[EventCountry "ISR"]
[SourceTitle "CBM 194 Extra"]
[Source "ChessBase"]
[SourceDate "2020.03.31"]
[SourceVersion "1"]
[SourceVersionDate "2020.03.31"]
[SourceQuality "1"]
[WhiteTeam "Petah Tikva Elitzur Maarav"]
[BlackTeam "Petah Tikva Hapoel"]
[WhiteTeamCountry "ISR"]
[BlackTeamCountry "ISR"]

1. d4 Nf6 2. Bg5 Ne4 3. Bf4 c5 4. f3 Qa5+ 5. c3 Nf6 6. Nd2 cxd4 7. Nb3 Qd8 8. cxd4 e6 9. e4 d5 10. e5 Nh5 11. Be3 Bb4+ 12. Kf2 f5 13. f4 g6 14. g3 0-0 15. Be2 Ng7 16. Nf3 b6 17. Nc1 Be7 18. Nd3 Nc6 19. Rc1 Bb7 20. h3 Rc8 21. g4 h6 22. Kg2 Na5 23. b3 Qd7 24. Bd2 Nc6 25. Qe1 Qe8 26. Kh2 Kh7 27. Rg1 Qf7 28. Nf2 Ba3 29. Rb1 a5 30. Nd3 Be7 31. Rc1 Ba6 32. Qf2 Nb8 33. Nh4 Rxc1 34. Bxc1 Bxh4 35. Qxh4 Nc6 36. Qf2 Qe7 37. Bd2 Rc8 38. Rc1 Na7 39. Qe3 Rxc1 40. Bxc1 1/2-1/2

[Event "ISR-chT"]
[Site "Israel"]
[Date "2020.01.11"]
[Round "2.1"]
[White "Pasman, Michael"]
[Black "Flom, Gabriel"]
[Result "0-1"]
[WhiteElo "2368"]
[BlackElo "2510"]
[PlyCount "126"]
[EventDate "2020.01.10"]
[EventType "team-tourn"]
[EventRounds "11"]
[EventCountry "ISR"]
[SourceTitle "CBM 194 Extra"]
[Source "ChessBase"]
[SourceDate "2020.03.31"]
[SourceVersion "1"]
[SourceVersionDate "2020.03.31"]
[SourceQuality "1"]
[WhiteTeam "Petah Tikva Elitzur Maarav"]
[BlackTeam "Petah Tikva Elitzur Dov"]
[WhiteTeamCountry "ISR"]
[BlackTeamCountry "ISR"]

1. Nf3 d5 2. c4 d4 3. g3 c5 4. Bg2 Nc6 5. 0-0 Nf6 6. d3 e6 7. e3 Bd6 8. exd4 cxd4 9. Na3 0-0 10. Nc2 e5 11. b4 a6 12. Re1 Re8 13. Bg5 Bf5 14. b5 axb5 15. cxb5 Na5 16. Nh4 Be6 17. Qf3 h6 18. Bxf6 Qxf6 19. Qxf6 gxf6 20. Reb1 Rac8 21. Nb4 Bxb4 22. Rxb4 Rc3 23. Be4 b6 24. Nf5 Bxf5 25. Bxf5 Re7 26. Rb2 Rec7 27. Kg2 Nb7 28. a4 Rc2 29. Rxc2 Rxc2 30. Be4 Na5 31. g4 Kf8 32. Kg3 Nb3 33. Rb1 Rc3 34. Kg2 Ke7 35. f4 Nd2 36. Ra1 exf4 37. a5 Rc2 38. Kg1 bxa5 39. b6 Nxe4 40. dxe4 Rb2 41. Rxa5 Rxb6 42. Kf2 d3 43. Ke1 Rb2 44. Rd5 Ke6 45. Rf5 Rxh2 46. Kd1 Rf2 47. Ke1 Re2+ 48. Kd1 Rg2 49. Ke1 Rxg4 50. Kd2 Rg3 51. Rxf4 Ke5 52. Rh4 Kd4 53. e5+ Kxe5 54. Rxh6 f5 55. Rh8 f4 56. Ra8 Ke4 57. Ra4+ Kf5 58. Ra8 Kg4 59. Ra1 Re3 60. Rg1+ Kf3 61. Rg7 Re7 62. Rg1 Rd7 63. Rf1+ Kg3 0-1

[Event "Maccabiah IM-A"]
[Site "Jerusalem"]
[Date "2017.07.14"]
[Round "9"]
[White "Veinberg, Nimrod"]
[Black "Pasman, Michael"]
[Result "1/2-1/2"]
[WhiteElo "2381"]
[BlackElo "2355"]
[PlyCount "78"]
[EventDate "2017.07.05"]
[EventType "tourn"]
[EventRounds "9"]
[EventCountry "ISR"]
[EventCategory "3"]
[SourceTitle "CBM 179 Extra"]
[Source "ChessBase"]
[SourceDate "2017.08.23"]
[SourceVersion "1"]
[SourceVersionDate "2017.08.23"]
[SourceQuality "1"]

1. d4 d5 2. c4 c6 3. Nf3 Nf6 4. Nc3 e6 5. Bg5 dxc4 6. e4 b5 7. e5 h6 8. Bh4 g5 9. Nxg5 hxg5 10. Bxg5 Nbd7 11. exf6 Bb7 12. g3 c5 13. d5 Bh6 14. Bxh6 Rxh6 15. Qd2 Qxf6 16. Nxb5 Bxd5 17. Nc7+ Kf8 18. Nxa8 Bxh1 19. Qxd7 Qxb2 20. Rd1 Bxa8 21. Qd8+ Kg7 22. Qxa8 c3 23. Rd8 Qa1+ 24. Rd1 Qb2 25. Bd3 Rxh2 26. Qf3 c2 27. Qg4+ Kf8 28. Bxc2 Qxc2 29. Qf3 Qxa2 30. Kf1 Qc2 31. Ra1 a6 32. Kg1 Rh6 33. Kg2 Qc4 34. Rd1 Kg7 35. Rd8 Qc1 36. Qg4+ Rg6 37. Qh4 Rh6 38. Qg4+ Rg6 39. Qh4 Rh6 1/2-1/2

[Event "Maccabiah IM-A"]
[Site "Jerusalem"]
[Date "2017.07.13"]
[Round "8"]
[White "Pasman, Michael"]
[Black "Alfred, Nathan"]
[Result "1-0"]
[WhiteElo "2355"]
[BlackElo "2227"]
[PlyCount "60"]
[EventDate "2017.07.05"]
[EventType "tourn"]
[EventRounds "9"]
[EventCountry "ISR"]
[EventCategory "3"]
[SourceTitle "CBM 179 Extra"]
[Source "ChessBase"]
[SourceDate "2017.08.23"]
[SourceVersion "1"]
[SourceVersionDate "2017.08.23"]
[SourceQuality "1"]

1. d4 g6 2. e4 Bg7 3. Nc3 d6 4. f4 a6 5. Nf3 b5 6. Bd3 Nd7 7. e5 c5 8. e6 fxe6 9. Ng5 Nf8 10. dxc5 b4 11. Na4 Bb7 12. Qe2 Qa5 13. Nb6 b3+ 14. c3 Rd8 15. Be3 Bxc3+ 16. Kf2 Bf6 17. Nc4 Qc7 18. cxd6 exd6 19. axb3 Ne7 20. Rhc1 Nd5 21. Nb6 Qg7 22. Nxd5 Bxd5 23. Rxa6 Nd7 24. Ne4 0-0 25. Nxf6+ Nxf6 26. Kg1 Rc8 27. Bc4 Ne4 28. Rd1 Ra8 29. Rxa8 Rxa8 30. Rxd5 Rb8 1-0

[Event "Maccabiah IM-A"]
[Site "Jerusalem"]
[Date "2017.07.11"]
[Round "6"]
[White "Tifferet, Shaked"]
[Black "Pasman, Michael"]
[Result "0-1"]
[WhiteElo "2236"]
[BlackElo "2355"]
[PlyCount "94"]
[EventDate "2017.07.05"]
[EventType "tourn"]
[EventRounds "9"]
[EventCountry "ISR"]
[EventCategory "3"]
[SourceTitle "CBM 179 Extra"]
[Source "ChessBase"]
[SourceDate "2017.08.23"]
[SourceVersion "1"]
[SourceVersionDate "2017.08.23"]
[SourceQuality "1"]

1. e4 c6 2. Nc3 d5 3. Nf3 dxe4 4. Nxe4 Nf6 5. Qe2 Bf5 6. Nxf6+ gxf6 7. d3 Na6 8. g3 e5 9. Nh4 Be6 10. Bg2 Qd7 11. a3 0-0-0 12. Bd2 Nc7 13. a4 Nd5 14. 0-0 Rg8 15. a5 a6 16. Rfb1 Be7 17. b4 Bg4 18. Qe1 f5 19. Nf3 f6 20. Rb3 f4 21. Rc1 fxg3 22. hxg3 Nf4 23. Bxf4 exf4 24. b5 axb5 25. a6 bxa6 26. Nh2 fxg3 27. fxg3 Bh3 28. c4 Qd4+ 29. Kh1 Bxg2+ 30. Kxg2 Bd6 31. Nf1 Rde8 32. Qf2 Qxf2+ 33. Kxf2 Kb7 34. d4 Bc7 35. Kf3 Bb6 36. d5 cxd5 37. cxb5 a5 38. Rc6 Re1 39. Nd2 Rg1 40. Kf4 Bc7+ 41. Kf5 R1xg3 42. Rb1 a4 43. Ra6 Rd3 44. Nf1 a3 45. Ke6 Bb6 46. Kd7 Rd8+ 47. Ke7 Ra8 0-1

[Event "Maccabiah IM-A"]
[Site "Jerusalem"]
[Date "2017.07.09"]
[Round "4"]
[White "Kaganskiy, Gleb"]
[Black "Pasman, Michael"]
[Result "1-0"]
[WhiteElo "2294"]
[BlackElo "2355"]
[PlyCount "129"]
[EventDate "2017.07.05"]
[EventType "tourn"]
[EventRounds "9"]
[EventCountry "ISR"]
[EventCategory "3"]
[SourceTitle "CBM 179 Extra"]
[Source "ChessBase"]
[SourceDate "2017.08.23"]
[SourceVersion "1"]
[SourceVersionDate "2017.08.23"]
[SourceQuality "1"]

1. e4 c6 2. d4 d5 3. Nc3 dxe4 4. Nxe4 Bf5 5. Ng3 Bg6 6. Nh3 Nd7 7. Nf4 e5 8. Nxg6 hxg6 9. Qe2 Qe7 10. dxe5 Nxe5 11. Bd2 0-0-0 12. 0-0-0 Qe6 13. Kb1 Nf6 14. h3 Nd5 15. f4 Nd7 16. Qxe6 fxe6 17. c4 N5f6 18. Bd3 Nh5 19. Ne2 Nb6 20. Be3 Bd6 21. b3 Rhf8 22. Rhf1 Bc7 23. Kc2 e5 24. fxe5 Bxe5 25. Bxg6 Rxf1 26. Rxf1 Nf6 27. Rd1 Rxd1 28. Kxd1 Kd8 29. Nd4 Nfd7 30. Bg5+ Kc7 31. Ne6+ Kd6 32. Nd8 Kc7 33. Nf7 Bg3 34. Ke2 Ne5 35. Nxe5 Bxe5 36. Ke3 Nd7 37. Ke4 Kd6 38. Kf5 a5 39. h4 b5 40. cxb5 cxb5 41. h5 a4 42. bxa4 bxa4 43. Be8 Bb2 44. g4 Nc5 45. Bb5 a3 46. Bc4 Nd7 47. Bf4+ Ke7 48. g5 Nb6 49. Be6 Na4 50. Bc4 Nb6 51. Bb3 Nc8 52. Kg6 Nb6 53. Bd2 Nd7 54. Bb4+ Kd8 55. Bd6 Ne5+ 56. Kf5 Nf3 57. Ba4 Bc1 58. Bf4 Bb2 59. Ke4 Nd4 60. Bd6 Ne6 61. Kf5 Nd4+ 62. Kg6 Ne6 63. h6 gxh6 64. gxh6 Nd4 65. Bxa3 1-0

[Event "ISR-chT 1011"]
[Site "Israel"]
[Date "2011.06.03"]
[Round "9.1"]
[White "Pasman, Michael"]
[Black "Erenburg, Sergey"]
[Result "1/2-1/2"]
[WhiteElo "2358"]
[BlackElo "2600"]
[PlyCount "64"]
[EventDate "2010.12.24"]
[EventType "team-tourn"]
[EventRounds "11"]
[EventCountry "ISR"]
[SourceTitle "EXT 2012"]
[Source "ChessBase"]
[SourceDate "2011.11.24"]
[SourceVersion "1"]
[SourceVersionDate "2011.11.24"]
[SourceQuality "1"]
[WhiteTeam "Beer Sheva V"]
[BlackTeam "Petah Tikva Elitzur"]
[WhiteTeamCountry "ISR"]
[BlackTeamCountry "ISR"]

1. d4 Nf6 2. Bg5 e6 3. e4 h6 4. Bxf6 Qxf6 5. c3 d6 6. Bd3 g6 7. Ne2 Bg7 8. 0-0 0-0 9. f4 Qe7 10. Nd2 e5 11. Kh1 Bg4 12. dxe5 dxe5 13. f5 Rd8 14. Bc4 gxf5 15. exf5 Qg5 16. Qb3 Bxe2 17. Bxe2 Rxd2 18. Qxb7 Rxe2 19. Qxa8 Bf8 20. Rad1 c6 21. Rg1 Rxb2 22. Qxa7 e4 23. Rb1 Rxb1 24. Rxb1 Bd6 25. Qd4 Qf4 26. g3 Qf3+ 27. Kg1 Bc7 28. Rf1 Qe2 29. Rf2 Qe1+ 30. Rf1 Qe2 31. Rf2 Qe1+ 32. Rf1 Qe2 1/2-1/2

[Event "ISR-ch"]
[Site "Haifa"]
[Date "2010.11.09"]
[Round "2.11"]
[White "Pasman, Michael"]
[Black "Zanan, Evgeny"]
[Result "1/2-1/2"]
[WhiteElo "2366"]
[BlackElo "2207"]
[PlyCount "64"]
[EventDate "2010.11.08"]
[EventType "swiss"]
[EventRounds "9"]
[EventCountry "ISR"]
[SourceTitle "EXT 2011"]
[Source "ChessBase"]
[SourceDate "2010.11.26"]
[SourceVersion "1"]
[SourceVersionDate "2010.11.26"]
[SourceQuality "1"]

1. d4 d5 2. c4 c6 3. Nc3 Nf6 4. e3 e6 5. Nf3 Nbd7 6. Bd3 Be7 7. 0-0 0-0 8. e4 dxc4 9. Bxc4 b5 10. Bd3 a6 11. e5 Nd5 12. Nxd5 cxd5 13. Bd2 Bb7 14. Qb3 Nb8 15. a4 b4 16. a5 Nc6 17. Qa4 Rc8 18. Rfc1 Qe8 19. Re1 h6 20. h4 f6 21. exf6 Rxf6 22. Rac1 Bd6 23. Ne5 Nxd4 24. Qxe8+ Rxe8 25. Nd7 Rf7 26. Bg6 Nb3 27. Bxf7+ Kxf7 28. Rc2 Nd4 29. Rcc1 Nb3 30. Rc2 Nd4 31. Rcc1 Nb3 32. Rc2 Nd4 1/2-1/2

[Event "ISR-chT"]
[Site "Israel"]
[Date "2007.04.28"]
[Round "10.4"]
[White "Pasman, Michael"]
[Black "Chernomordik, Pavel"]
[Result "1/2-1/2"]
[WhiteElo "2369"]
[BlackElo "2283"]
[PlyCount "60"]
[EventDate "2007.01.11"]
[EventType "team-tourn"]
[EventRounds "11"]
[EventCountry "ISR"]
[SourceTitle "EXT 2009"]
[Source "ChessBase"]
[SourceDate "2008.11.26"]
[SourceVersion "1"]
[SourceVersionDate "2008.11.26"]
[SourceQuality "1"]
[WhiteTeam "Beer Sheva II"]
[BlackTeam "Holon Hapoel"]
[WhiteTeamCountry "ISR"]
[BlackTeamCountry "ISR"]

1. d4 d5 2. Bg5 c6 3. Nf3 Qb6 4. Qc1 Bg4 5. Nbd2 Nd7 6. h3 Bf5 7. e3 h6 8. Bf4 g5 9. Bh2 Bg7 10. c4 Ngf6 11. Be2 0-0 12. c5 Qd8 13. b4 a5 14. a3 Ne4 15. 0-0 a4 16. Nxe4 Bxe4 17. Ne5 f6 18. Nxd7 Qxd7 19. Qb2 e5 20. dxe5 Qe7 21. f4 gxf4 22. exf4 fxe5 23. fxe5 Qg5 24. Bg4 h5 25. Be6+ Kh7 26. Bf7 Bf5 27. Bf4 Qh4 28. Bg3 Qg5 29. Bf4 Qh4 30. Bg3 Qg5 1/2-1/2

[Event "ISR-chT"]
[Site "Israel"]
[Date "2007.04.20"]
[Round "7.4"]
[White "Zoler, Dan"]
[Black "Pasman, Michael"]
[Result "1-0"]
[WhiteElo "2455"]
[BlackElo "2369"]
[PlyCount "95"]
[EventDate "2007.01.11"]
[EventType "team-tourn"]
[EventRounds "11"]
[EventCountry "ISR"]
[SourceTitle "EXT 2009"]
[Source "ChessBase"]
[SourceDate "2008.11.26"]
[SourceVersion "1"]
[SourceVersionDate "2008.11.26"]
[SourceQuality "1"]
[WhiteTeam "Tel Aviv Shlomo Har Zvi"]
[BlackTeam "Beer Sheva II"]
[WhiteTeamCountry "ISR"]
[BlackTeamCountry "ISR"]

1. d4 d5 2. c4 c6 3. Nf3 Nf6 4. Nbd2 e6 5. g3 c5 6. cxd5 exd5 7. Bg2 Nc6 8. dxc5 Bxc5 9. 0-0 0-0 10. Nb3 Bb6 11. Nbd4 Re8 12. b3 Nxd4 13. Nxd4 Bxd4 14. Qxd4 Rxe2 15. Bg5 Bf5 16. Rfd1 Bc2 17. Re1 Rxe1+ 18. Rxe1 Qa5 19. b4 Qb6 20. Bxf6 gxf6 21. Qxb6 axb6 22. Bxd5 Ra4 23. Re2 Bf5 24. Re8+ Kg7 25. Re7 Bg6 26. Rxb7 Rxb4 27. Bb3 Rb5 28. f4 h5 29. Kf2 Rc5 30. Rxb6 Bc2 31. Ke3 Bxb3 32. axb3 Rc2 33. Rd6 Rb2 34. Rd3 h4 35. gxh4 Rxh2 36. Ke4 Rxh4 37. b4 Rh8 38. Rd5 Rh2 39. b5 Rb2 40. Kd4 Rb4+ 41. Kc5 Rxf4 42. b6 Rf1 43. b7 Rb1 44. Kc6 Rxb7 45. Kxb7 Kg6 46. Kc6 f5 47. Kc5 Kg5 48. Kd4 1-0

[Event "ISR-chT"]
[Site "Israel"]
[Date "2003.01.18"]
[Round "1.1"]
[White "Avrukh, Boris"]
[Black "Pasman, Michael"]
[Result "1-0"]
[WhiteElo "2584"]
[BlackElo "2345"]
[PlyCount "65"]
[EventDate "2003.01.??"]
[EventType "team-tourn"]
[EventRounds "11"]
[EventCountry "ISR"]
[SourceTitle "CBM 094"]
[Source "ChessBase"]
[SourceDate "2003.05.26"]
[SourceVersion "1"]
[SourceVersionDate "2003.05.26"]
[SourceQuality "1"]

1. d4 d5 2. c4 c6 3. Nc3 Nf6 4. e3 a6 5. Nf3 b5 6. b3 Bg4 7. Be2 e6 8. 0-0 Nbd7 9. h3 Bh5 10. Bb2 Be7 11. Ne5 Bxe2 12. Nxe2 Nxe5 13. dxe5 Nd7 14. cxd5 cxd5 15. Nf4 0-0 16. Qg4 Bg5 17. Nd3 Be7 18. Rac1 Qa5 19. Nf4 Qxa2 20. Bd4 Qxb3 21. Rc7 Rad8 22. Rfc1 Kh8 23. R1c6 Qb1+ 24. Kh2 Qf5 25. Qxf5 exf5 26. Rxa6 Bg5 27. Raa7 Bxf4+ 28. exf4 Nb8 29. e6 Rg8 30. exf7 Rgf8 31. Bc5 d4 32. Bxf8 Rxf8 33. Re7 1-0

[Event "ISR-ch"]
[Site "Tel Aviv"]
[Date "2002.11.29"]
[Round "5"]
[White "Rot, Yefim"]
[Black "Pasman, Michael"]
[Result "0-1"]
[WhiteElo "2125"]
[BlackElo "2345"]
[PlyCount "70"]
[EventDate "2002.11.24"]
[EventType "swiss"]
[EventRounds "9"]
[EventCountry "ISR"]
[SourceTitle "CBM 093"]
[Source "ChessBase"]
[SourceDate "2003.04.01"]
[SourceVersion "1"]
[SourceVersionDate "2003.04.01"]
[SourceQuality "1"]

1. e4 c6 2. d4 d5 3. e5 Bf5 4. Nc3 e6 5. g4 Bg6 6. Nge2 Ne7 7. Nf4 c5 8. dxc5 Nec6 9. h4 Qc7 10. h5 Qxe5+ 11. Be2 Be4 12. Rh3 h6 13. Re3 Be7 14. Nd3 Qh2 15. Bf1 Bxd3 16. Qxd3 Nd7 17. Rg3 Bxc5 18. Nd1 Nde5 19. Qb3 Nd4 20. Qa4+ Ke7 21. Bf4 Nef3+ 22. Rxf3 Nxf3+ 23. Ke2 Qh1 24. Nc3 Rhd8 25. Rd1 d4 26. Nb5 e5 27. Bg3 a6 28. Na3 Rac8 29. Qb3 d3+ 30. Rxd3 Nd4+ 31. Rxd4 Bxd4 32. f3 Qg1 33. Bh4+ f6 34. Qxb7+ Kf8 35. Qb4+ Bc5 0-1

[Event "ISR-ch"]
[Site "Tel Aviv"]
[Date "2002.11.28"]
[Round "4"]
[White "Pasman, Michael"]
[Black "Deutsch, Eyal"]
[Result "0-1"]
[WhiteElo "2345"]
[BlackElo "2272"]
[PlyCount "102"]
[EventDate "2002.11.24"]
[EventType "swiss"]
[EventRounds "9"]
[EventCountry "ISR"]
[SourceTitle "CBM 093"]
[Source "ChessBase"]
[SourceDate "2003.04.01"]
[SourceVersion "1"]
[SourceVersionDate "2003.04.01"]
[SourceQuality "1"]

1. d4 Nf6 2. Nf3 e6 3. Bf4 c5 4. e3 Qb6 5. Qc1 Nc6 6. c3 Nh5 7. Bg3 Nxg3 8. hxg3 d5 9. Bd3 h6 10. Nbd2 Bd7 11. Qc2 Rc8 12. a3 Bd6 13. g4 Ke7 14. Kf1 a5 15. Re1 Rhe8 16. g3 Kd8 17. Kg2 Be7 18. dxc5 Bxc5 19. b4 Bd6 20. Qb3 Ne5 21. Nxe5 Bxe5 22. c4 axb4 23. axb4 Bf6 24. Rh5 Ke7 25. f4 dxc4 26. Nxc4 Qc6+ 27. e4 Bd4 28. b5 Qc7 29. e5 Bc5 30. f5 Rg8 31. Kh2 b6 32. f6+ gxf6 33. exf6+ Kxf6 34. Qb2+ Ke7 35. Rxh6 Rcf8 36. Ne5 Bd6 37. Kh3 Ke8 38. Nxd7 Kxd7 39. Be4 Qc4 40. Bc6+ Kd8 41. Qf6+ Kc7 42. Qf3 f5 43. Rh7+ Kc8 44. Bb7+ Kd8 45. g5 Rh8 46. Rxh8 Rxh8+ 47. Kg2 Qc2+ 48. Re2 Qc1 49. Qd3 Ke7 50. Rxe6+ Kxe6 51. Bd5+ Ke5 0-1

[Event "ISR-ch sf"]
[Site "Beersheba"]
[Date "2002.08.16"]
[Round "2"]
[White "Pasman, Michael"]
[Black "Mikhalevski, Victor"]
[Result "0-1"]
[WhiteElo "2345"]
[BlackElo "2520"]
[PlyCount "65"]
[EventDate "2002.08.15"]
[EventType "swiss"]
[EventRounds "9"]
[EventCountry "ISR"]
[SourceTitle "CBM 093"]
[Source "ChessBase"]
[SourceDate "2003.04.01"]
[SourceVersion "1"]
[SourceVersionDate "2003.04.01"]
[SourceQuality "1"]

1. e4 c5 2. Nf3 Nc6 3. Bb5 e6 4. 0-0 Nge7 5. Re1 a6 6. Bxc6 Nxc6 7. d4 cxd4 8. Nxd4 Qc7 9. Nc3 Bd6 10. Nd5 exd5 11. exd5+ Ne5 12. f4 0-0 13. fxe5 Bxe5 14. Nf3 Bf6 15. Bg5 Bxb2 16. Rb1 Ba3 17. Rb3 Bc5+ 18. Kh1 b5 19. Nh4 d6 20. Re7 Qa5 21. Qa1 Ra7 22. Rg3 Rxe7 23. Bxe7 Bd4 24. Qd1 Re8 25. Nf3 Bf2 26. Rxg7+ Kxg7 27. Qa1+ Kg8 28. Qf6 Bd4 29. Qxd4 Rxe7 30. Qh4 f6 31. h3 Qd8 32. Nd4 Qe8 33. Qg3+ 0-1